| 000 | 01003nam a2200265Ia 4500 | ||
|---|---|---|---|
| 003 | GCL | ||
| 008 | 140319s9999 xx 000 0 ara d | ||
| 040 |
_aGCL / _cGCL |
||
| 082 | 0 | 4 |
_aد _b932.623 _bا ث |
| 100 | 1 | _aالمجلس القومى والشئون الاقتصاد | |
| 245 | 1 | 0 |
_aالثروة السياحية فى محافظة سوهاج / _cالمجلس القومى والشئون الاقتصاد |
| 700 | 1 | _aالمجالس القومية المتخصصة | |
| 260 |
_a[S.N] : _bالمجلس القومى للانتاج والشئون الاقتصادية ، _c1981 |
||
| 300 | _a101 ص | ||
| 490 |
_aالمؤسسة المصرية فى الفن والحياة _v0 |
||
| 650 | 0 | 4 | _aمصر |
| 650 | 0 | 4 | _aتاريخ |
| 650 | 0 | 4 | _aالسياحة |
| 650 | 0 | 4 | _aالجغرافيا التاريخية |
| 650 | 0 | 4 | _aالاثار الاسلامية |
| 650 | 0 | 4 | _aالاثار الفرعونية |
| 650 | 0 | 4 | _aالاثار المسيحية |
| 650 | 0 | 4 | _aسوهاج |
| 942 |
_2ddc _cCF |
||
| 999 |
_c27345 _d27345 |
||